[Event "39th World U20 ch"]
[Site "Yerevan ARM"]
[Date "2000.09.24"]
[Round "6.26"]
[White "Jakic, Ivan"]
[Black "Fontaine, Robert"]
[Result "1-0"]
[WhiteElo "2272"]
[BlackElo "2449"]
[EventDate "2000.09.18"]
[PlyCount "97"]

1.e4 c6 2.d4 d5 3.Nc3 dxe4 4.Nxe4 Bf5 5.Ng3 Bg6 6.h4 h6 7.Nf3 Nd7 8.h5 Bh7
9.Bd3 Bxd3 10.Qxd3 e6 11.Bf4 Bb4+ 12.c3 Be7 13.O-O-O Ngf6 14.Kb1 O-O 15.
Ne4 Nd5 16.Bc1 c5 17.c4 Nb4 18.Qe2 Qb6 19.a3 Nc6 20.d5 Na5 21.d6 Bd8 22.
Be3 Qc6 23.Qd3 Rb8 24.Rc1 f5 25.Nc3 e5 26.Qd5+ Qxd5 27.Nxd5 Nb3 28.Rc3 Nd4
29.Bxd4 cxd4 30.Rcc1 d3 31.Rcd1 Kh7 32.Rhe1 e4 33.Nd4 Ne5 34.b3 Rf7 35.Ne3
g6 36.hxg6+ Kxg6 37.Nd5 Kh7 38.Ne6 Bh4 39.f4 Bxe1 40.fxe5 Bf2 41.Nef4 Bh4 
42.e6 Rg7 43.e7 Rg4 44.d7 Bxe7 45.Nxe7 e3 46.Nc8 e2 47.Nxe2 dxe2 48.d8=Q 
exd1=Q+ 49.Qxd1 1-0

[Event "39th World U20 ch"]
[Site "Yerevan ARM"]
[Date "2000.09.24"]
[Round "6.27"]
[White "Varela, Gaston"]
[Black "Simutowe, Amon"]
[Result "0-1"]
[WhiteElo "2249"]
[BlackElo "2322"]
[EventDate "2000.09.18"]
[PlyCount "106"]

1.d4 Nf6 2.Nf3 g6 3.g3 Bg7 4.Bg2 O-O 5.O-O d6 6.c4 c6 7.Nc3 Qa5 8.h3 Be6 
9.d5 cxd5 10.Nd4 Bd7 11.cxd5 Rc8 12.e4 Qb6 13.Nb3 Na6 14.Be3 Qb4 15.Qd2 b6
16.Nd4 Nc5 17.Rfb1 Qc4 18.f3 Qd3 19.Qf2 Qa6 20.Bf1 Qb7 21.Rc1 e6 22.b4 Na6
23.dxe6 fxe6 24.a3 Nc7 25.Bg2 e5 26.Nde2 Bc6 27.a4 Rf8 28.Qe1 Ne6 29.Qd2 
Qd7 30.Nd5 Kh8 31.Nec3 Nd4 32.Qd1 Nxd5 33.exd5 Bb7 34.g4 Rac8 35.Rab1 Ba6 
36.b5 Bb7 37.f4 Rc4 38.Qd3 Rfc8 39.Ne2 e4 40.Qd1 Nxe2+ 41.Qxe2 Bxd5 42.Qd2
Be6 43.Rxc4 Rxc4 44.a5 h5 45.axb6 axb6 46.Bf1 Ra4 47.Qc2 Ra3 48.Bc1 Rc3 
49.Qxe4 hxg4 50.hxg4 Bxg4 51.Bb2 Qf5 52.Qh1+ Bh5 53.Bxc3 Bxc3 0-1

[Event "39th World U20 ch"]
[Site "Yerevan ARM"]
[Date "2000.09.25"]
[Round "7.4"]
[White "Acs, Peter"]
[Black "Asrian, Karen"]
[Result "1/2-1/2"]
[WhiteElo "2497"]
[BlackElo "2566"]
[EventDate "2000.09.18"]
[PlyCount "65"]

1.e4 c6 2.d4 d5 3.exd5 cxd5 4.c4 Nf6 5.Nc3 e6 6.Nf3 Bb4 7.Bd3 dxc4 8.Bxc4 
O-O 9.O-O a6 10.Bd3 b5 11.Ne4 Nbd7 12.Bg5 Bb7 13.Rc1 Be7 14.Nc5 Nxc5 15.
dxc5 Rc8 16.b4 h6 17.Bf4 Nd5 18.Bd2 Bf6 19.Qe2 Ne7 20.Bf4 Qd5 21.Rfd1 Qh5 
22.Bd6 Rfd8 23.Bxe7 Bxf3 24.Qxf3 Qxf3 25.gxf3 Bxe7 26.Be4 Bg5 27.Rxd8+ 
Rxd8 28.Rc2 Rd7 29.a4 bxa4 30.Ra2 f5 31.Ba8 Rd4 32.Rxa4 a5 33.Rxa5 1/2-1/2

[Event "39th World U20 ch"]
[Site "Yerevan ARM"]
[Date "2000.09.25"]
[Round "7.5"]
[White "Aronian, Levon"]
[Black "Solak, Dragan"]
[Result "1-0"]
[WhiteElo "2551"]
[BlackElo "2490"]
[EventDate "2000.09.18"]
[PlyCount "89"]

1.e4 c5 2.b3 b6 3.Bb2 Bb7 4.Nc3 e6 5.Nf3 a6 6.d4 cxd4 7.Nxd4 Qc7 8.f3 Nf6 
9.Qd2 Bb4 10.a3 Be7 11.g4 O-O 12.O-O-O Nc6 13.Nce2 Nxd4 14.Nxd4 d5 15.g5 
Nh5 16.e5 Qxe5 17.Nc6 Qxg5 18.f4 Qh4 19.Nxe7+ Qxe7 20.Rg1 f5 21.Qd4 b5 22.
Re1 Rf7 23.Rg5 Nf6 24.Rxf5 exf5 25.Rxe7 Rxe7 26.Bd3 Ne4 27.Qb6 Rc8 28.h4 
Kf7 29.Qg1 Kg8 30.Be5 Rc6 31.Kb2 Bc8 32.h5 h6 33.Qd4 Be6 34.a4 bxa4 35.
Qxa4 Rc8 36.Bxa6 Ra8 37.Qc6 Rd8 38.Qb6 Ra8 39.Qc6 Rd8 40.b4 Nd2 41.Qc5 Kf7
42.Qg1 Kf8 43.Qd4 Ne4 44.Bd3 Nd6 45.Bxg7+ 1-0

[Event "39th World U20 ch"]
[Site "Yerevan ARM"]
[Date "2000.09.25"]
[Round "7.6"]
[White "Blehm, Pawel"]
[Black "Izoria, Zviad"]
[Result "0-1"]
[WhiteElo "2510"]
[BlackElo "2450"]
[EventDate "2000.09.18"]
[PlyCount "102"]

1.e4 c5 2.Nf3 d6 3.d4 cxd4 4.Nxd4 Nf6 5.Nc3 Nc6 6.Bg5 e6 7.Qd2 a6 8.O-O-O 
Bd7 9.f3 Rc8 10.h4 h6 11.Be3 h5 12.Bg5 Be7 13.Kb1 b5 14.Nxc6 Bxc6 15.Ne2 
Qc7 16.Nd4 Bd7 17.Bd3 g6 18.f4 e5 19.fxe5 dxe5 20.Rhf1 Ng4 21.Bxe7 Kxe7 
22.Ne2 Be6 23.Nc3 Rhd8 24.Qg5+ Ke8 25.a4 b4 26.Nd5 Bxd5 27.exd5 Rxd5 28.
Bxg6 Rxd1+ 29.Rxd1 fxg6 30.Qxg6+ Ke7 31.Qg7+ Ke6 32.Qg6+ Ke7 33.Qg7+ Ke6 
34.Qg6+ Nf6 35.Rf1 Rf8 36.g4 hxg4 37.h5 e4 38.h6 g3 39.h7 g2 40.Qxg2 Qxh7 
41.Qe2 Qb7 42.Qc4+ Ke7 43.Qd4 Qb8 44.Rf5 Ke6 45.Rc5 Rd8 46.Qc4+ Rd5 47.
Rc6+ Ke5 48.Qxa6 Rd1+ 49.Ka2 Qg8+ 50.b3 Nd5 51.Qb5 Kf4 0-1

[Event "39th World U20 ch"]
[Site "Yerevan ARM"]
[Date "2000.09.25"]
[Round "7.7"]
[White "Sargissian, Gabriel"]
[Black "Jenni, Florian"]
[Result "1/2-1/2"]
[WhiteElo "2474"]
[BlackElo "2440"]
[EventDate "2000.09.18"]
[PlyCount "176"]

1.d4 Nf6 2.Bg5 Ne4 3.Bf4 c5 4.f3 Qa5+ 5.c3 Nf6 6.Nd2 cxd4 7.Nb3 Qb6 8.Qxd4
Qxd4 9.cxd4 Nc6 10.Rc1 a5 11.a4 e6 12.e4 Bb4+ 13.Bd2 d6 14.Bb5 Bd7 15.Ne2 
Ke7 16.Nc3 Na7 17.Bxd7 Kxd7 18.Ke2 b6 19.g4 h6 20.h4 h5 21.g5 Ng8 22.g6 f6
23.d5 e5 24.f4 exf4 25.Nd4 Ne7 26.Ne6 f3+ 27.Kxf3 Nxg6 28.Ke2 Ne5 29.Nxg7 
Rag8 30.Rcg1 Ng4 31.Ne6 Re8 32.Rf1 Nc8 33.Nb5 Bc5 34.Bc3 Rh6 35.Nbd4 Ne7 
36.Nf5 Nxf5 37.Rxf5 Rg8 38.Rh3 Ne5 39.Bd2 Rg2+ 40.Kd1 Rh8 41.Rxf6 Bb4 42.
Bc3 Rhg8 43.Ng5 Rc8 44.Re3 Nc4 45.Rf7+ Ke8 46.Ref3 Ne5 47.Rf8+ Kd7 48.Rxc8
Nxf3 49.Rh8 Nxg5 50.hxg5 Bxc3 51.bxc3 Rxg5 52.Rh7+ Kc8 53.Kc2 Rg2+ 54.Kd3 
Ra2 55.Rxh5 Rxa4 56.Rh8+ Kc7 57.Rh7+ Kc8 58.Ra7 b5 59.Ra6 Kc7 60.Rc6+ Kd7 
61.Rb6 b4 62.c4 Ra3+ 63.Kd4 Ra1 64.Rb7+ Kc8 65.Rb5 Kc7 66.e5 Rd1+ 67.Ke3 
Re1+ 68.Kd3 Rxe5 69.Rxa5 Rh5 70.Rb5 Rh3+ 71.Kd2 b3 72.Rb4 Rg3 73.Kc1 Rg2 
74.Rxb3 Rg4 75.Rb4 Rg2 76.Kd1 Rh2 77.Ra4 Kb6 78.Ra8 Kc5 79.Rc8+ Kd4 80.Rc6
Ke5 81.Kc1 Rg2 82.Rb6 Rg4 83.Rb4 Rg1+ 84.Kc2 Kd4 85.Kb3 Rg3+ 86.Kb2 Rg2+ 
87.Ka3 Rg3+ 88.Rb3 Rg8 1/2-1/2

[Event "39th World U20 ch"]
[Site "Yerevan ARM"]
[Date "2000.09.25"]
[Round "7.9"]
[White "Iliushin, Alexei"]
[Black "Svetuschin, Dumitru"]
[Result "1/2-1/2"]
[WhiteElo "2509"]
[BlackElo "2472"]
[EventDate "2000.09.18"]
[PlyCount "87"]

1.d4 d5 2.c4 c6 3.Nf3 Nf6 4.Qc2 dxc4 5.Qxc4 Bf5 6.g3 e6 7.Bg2 Be7 8.O-O 
O-O 9.e3 Nbd7 10.Qe2 Rc8 11.Nc3 Ne4 12.Nd2 Nxd2 13.Bxd2 e5 14.d5 Nf6 15.e4
Bg4 16.f3 Bd7 17.dxc6 Rxc6 18.Be3 Qa5 19.Qf2 Be6 20.Rfc1 Rfc8 21.a3 a6 22.
Bf1 Nd7 23.b4 Qd8 24.Nd1 a5 25.Rxc6 Rxc6 26.Qb2 axb4 27.axb4 Nb6 28.b5 Rc8
29.Nf2 Nc4 30.Bxc4 Rxc4 31.Ra7 Bc5 32.Bxc5 Rxc5 33.b6 Bc8 34.Ra3 h6 35.Rd3
Qe8 36.Rd5 Qc6 37.Rxc5 Qxc5 38.Kg2 Qd6 39.Qc3 Bd7 40.Qc7 Qxc7 41.bxc7 Kf8 
42.Nd3 f6 43.Nc5 Ke7 44.Nxb7 1/2-1/2

[Event "39th World U20 ch"]
[Site "Yerevan ARM"]
[Date "2000.09.25"]
[Round "7.10"]
[White "Gershon, Alik"]
[Black "Mateuta, Gabriel"]
[Result "1-0"]
[WhiteElo "2502"]
[BlackElo "2409"]
[EventDate "2000.09.18"]
[PlyCount "79"]

1.d4 d6 2.Nf3 Bg4 3.c4 Nd7 4.e4 e5 5.Be2 Be7 6.Nc3 Ngf6 7.d5 Nc5 8.Qc2 a5 
9.O-O O-O 10.b3 c6 11.Be3 cxd5 12.exd5 Nfd7 13.a3 f5 14.b4 Na6 15.Qb3 Bxf3
16.Bxf3 e4 17.Bd1 Bg5 18.Nb5 Ne5 19.Nd4 Nc7 20.Bxg5 Qxg5 21.f4 exf3 22.
Nxf3 Qf6 23.Nxe5 Qxe5 24.Rc1 axb4 25.axb4 Qd4+ 26.Kh1 Rfe8 27.Bf3 Re3 28.
Qc2 Qe5 29.c5 Nb5 30.Qc4 Na3 31.Qa2 Rc8 32.Qd2 Nb5 33.Rfe1 f4 34.Bg4 Rf8 
35.c6 b6 36.Be6+ Kh8 37.Rf1 Nc7 38.Rce1 Rf6 39.Qc1 h6 40.Qa1 1-0

[Event "39th World U20 ch"]
[Site "Yerevan ARM"]
[Date "2000.09.25"]
[Round "7.11"]
[White "Kozhukharov, Spas"]
[Black "Halkias, Stelios"]
[Result "1-0"]
[WhiteElo "2196"]
[BlackElo "2502"]
[EventDate "2000.09.18"]
[PlyCount "73"]

1.e4 c5 2.Nf3 Nc6 3.d4 cxd4 4.Nxd4 Qc7 5.c4 Nf6 6.Nc3 Nxe4 7.Nxe4 Qe5 8.
Nb5 Qxe4+ 9.Be2 Qe5 10.c5 a6 11.Qa4 Rb8 12.Nc3 Qxc5 13.O-O g6 14.Be3 Qb4 
15.Qd1 Bg7 16.Nd5 Qd6 17.Bb6 e6 18.Nf6+ Ke7 19.Qc1 Nd4 20.Bxd4 Qxd4 21.Ng4
f5 22.Rd1 Qxb2 23.Qc5+ Kf7 24.Bc4 Rf8 25.Rab1 Qc3 26.Rb3 b6 27.Qc7 Qa5 28.
Bxe6+ Kxe6 29.Re3+ Kf7 30.Qc4+ d5 31.Rxd5 Be6 32.Rxe6 Rbc8 33.Rd7+ Kg8 34.
Rxg7+ Kh8 35.Rxh7+ Kxh7 36.Re7+ Kh8 37.Qd4+ 1-0

[Event "39th World U20 ch"]
[Site "Yerevan ARM"]
[Date "2000.09.25"]
[Round "7.12"]
[White "Ghaem Maghami, Ehsan"]
[Black "Lopez Martinez, Josep Manuel"]
[Result "1-0"]
[WhiteElo "2488"]
[BlackElo "2477"]
[EventDate "2000.09.18"]
[PlyCount "73"]

1.c4 c6 2.e4 d5 3.exd5 cxd5 4.d4 Nf6 5.Nc3 e6 6.Nf3 Bb4 7.cxd5 Nxd5 8.Bd2 
Nc6 9.Bd3 O-O 10.O-O Be7 11.Qe2 Nf6 12.Ne4 Qb6 13.a3 Bd7 14.Rfd1 Rad8 15.
b4 Bc8 16.Nc5 Qc7 17.Rac1 Qb8 18.Bg5 g6 19.Bb5 Ng4 20.Bxe7 Nxe7 21.Bc4 Nd5
22.Bxd5 Rxd5 23.Ne4 Kg7 24.h3 Nh6 25.Nc3 Rdd8 26.d5 exd5 27.Nxd5 Be6 28.
Nc7 Rxd1+ 29.Qxd1 Rd8 30.Qe2 Rc8 31.Ng5 Bb3 32.Qe5+ f6 33.Qe7+ Nf7 34.Ne4 
f5 35.Nd6 Rf8 36.Nce8+ Kg8 37.Rc8 1-0

[Event "39th World U20 ch"]
[Site "Yerevan ARM"]
[Date "2000.09.25"]
[Round "7.13"]
[White "Jobava, Baadur"]
[Black "De Vreugt, Dennis"]
[Result "1-0"]
[WhiteElo "2480"]
[BlackElo "2511"]
[EventDate "2000.09.18"]
[PlyCount "61"]

1.d4 Nf6 2.c4 c5 3.d5 b5 4.cxb5 a6 5.Nc3 axb5 6.e4 b4 7.Nb5 d6 8.Bf4 Na6 
9.Nf3 Nxe4 10.a3 Qa5 11.Nd2 b3 12.Bd3 Nf6 13.O-O Nxd5 14.Re1 Be6 15.Nc4 
Qa4 16.Qf3 Rb8 17.Nbxd6+ exd6 18.Qxd5 Kd7 19.Bf5 Nc7 20.Qd3 Nb5 21.Rac1 
Nd4 22.Bxe6+ fxe6 23.Qg3 Nf5 24.Qg4 Qa6 25.Qe2 Kc6 26.Qe4+ Kb5 27.Qxe6 Nd4
28.Qd7+ Qc6 29.Qa7 Qa8 30.a4+ Kc6 31.Na5+ 1-0

[Event "39th World U20 ch"]
[Site "Yerevan ARM"]
[Date "2000.09.25"]
[Round "7.14"]
[White "Haznedaroglu, Kivanc"]
[Black "Ganguly, Surya Shekhar"]
[Result "0-1"]
[WhiteElo "2249"]
[BlackElo "2498"]
[EventDate "2000.09.18"]
[PlyCount "74"]

1.e4 e5 2.Nf3 Nc6 3.Bb5 a6 4.Ba4 Nf6 5.O-O b5 6.Bb3 Bc5 7.d3 d6 8.a4 Rb8 
9.axb5 axb5 10.c3 O-O 11.Be3 Bxe3 12.fxe3 b4 13.c4 Kh8 14.Ba4 Ne7 15.Nbd2 
Ng4 16.Qe2 f5 17.Nh4 f4 18.exf4 exf4 19.g3 g5 20.Ng2 Ng6 21.d4 c5 22.Qd3 
Qf6 23.Nf3 cxd4 24.gxf4 gxf4 25.Qxd4 N4e5 26.Kh1 Bh3 27.Bd1 Rg8 28.Rg1 Rg7
29.Ra6 Ng4 30.Qd2 Rbg8 31.c5 N6e5 32.Rxd6 Nc4 33.Qe2 Nxd6 34.cxd6 Qxd6 35.
Bb3 Qd3 36.Re1 Nf2+ 37.Qxf2 Bxg2+ 0-1

[Event "39th World U20 ch"]
[Site "Yerevan ARM"]
[Date "2000.09.25"]
[Round "7.16"]
[White "Berg, Emanuel"]
[Black "Petrik, Tomas"]
[Result "1-0"]
[WhiteElo "2456"]
[BlackElo "2289"]
[EventDate "2000.09.18"]
[PlyCount "93"]

1.e4 e6 2.d4 d5 3.Nc3 Bb4 4.Ne2 dxe4 5.a3 Be7 6.Nxe4 Bd7 7.c4 Bc6 8.N2c3 
Nf6 9.Nxf6+ Bxf6 10.Be3 O-O 11.Qd2 a6 12.f3 Bh4+ 13.Bf2 Bxf2+ 14.Qxf2 Qf6 
15.Bd3 Rd8 16.Rd1 Nd7 17.O-O Nf8 18.d5 exd5 19.cxd5 Bd7 20.Ne4 Qh6 21.Rc1 
c6 22.Qb6 Rab8 23.Bc4 cxd5 24.Qxh6 gxh6 25.Bxd5 Be6 26.Bxe6 Nxe6 27.Rfd1 
Kg7 28.Kf2 f5 29.Nd6 Kf6 30.Rd5 Kg6 31.Nxf5 Rxd5 32.Ne7+ Kf6 33.Nxd5+ Ke5 
34.Ne3 Rd8 35.Re1 Kf6 36.Ng4+ Ke7 37.Nxh6 Rd2+ 38.Re2 Rd1 39.Nf5+ Kd7 40.
Ne3 Rb1 41.Nd5 Kd6 42.Nc3 Rc1 43.Ne4+ Kc6 44.Rd2 Kb5 45.Rd5+ Kc4 46.Re5 
Rc2+ 47.Ke3 1-0

[Event "39th World U20 ch"]
[Site "Yerevan ARM"]
[Date "2000.09.25"]
[Round "7.17"]
[White "Felgaer, Ruben"]
[Black "Perelshteyn, Eugene"]
[Result "0-1"]
[WhiteElo "2390"]
[BlackElo "2424"]
[EventDate "2000.09.18"]
[PlyCount "110"]

1.e4 c5 2.Nf3 g6 3.d4 cxd4 4.Qxd4 Nf6 5.Bb5 a6 6.e5 axb5 7.exf6 Nc6 8.Qd3 
b4 9.O-O e6 10.Nbd2 d5 11.Re1 Qxf6 12.Qxd5 Qf5 13.Qxf5 gxf5 14.Nc4 Ra6 15.
Bf4 b5 16.Nd6+ Bxd6 17.Bxd6 Rg8 18.g3 Rg4 19.b3 Re4 20.Bc5 Bb7 21.Rxe4 
fxe4 22.Ng5 Ne5 23.Nxh7 Nf3+ 24.Kf1 e5 25.Be3 f6 26.Rd1 Bc8 27.Bc5 Rc6 28.
Rd5 Kf7 29.Nxf6 Kxf6 30.Rd6+ Rxd6 31.Bxd6 Nxh2+ 32.Ke2 Bg4+ 33.Kd2 Nf3+ 
34.Kc1 Ke6 35.Bxb4 Kd5 36.a4 bxa4 37.bxa4 Nd4 38.Ba5 Nc6 39.Bc7 Bd7 40.Kb2
Bc8 41.Kb3 Ba6 42.Kc3 Nd4 43.Bb6 Nf3 44.Bc7 Nd4 45.Kd2 Nf5 46.g4 Nd4 47.c3
Nf3+ 48.Kc2 Bc8 49.Kb3 Bxg4 50.a5 Bf5 51.a6 Bc8 52.a7 Bb7 53.Kc2 Kc4 54.
Bb6 Ne1+ 55.Kd1 Nd3 0-1

[Event "39th World U20 ch"]
[Site "Yerevan ARM"]
[Date "2000.09.25"]
[Round "7.18"]
[White "Fedorchuk, Sergei"]
[Black "Mahjoob, Morteza"]
[Result "0-1"]
[WhiteElo "2408"]
[BlackElo "2337"]
[EventDate "2000.09.18"]
[PlyCount "92"]

1.e4 c5 2.Nf3 e6 3.d4 cxd4 4.Nxd4 a6 5.Bd3 Nf6 6.O-O Qc7 7.Qe2 d6 8.Kh1 
Nc6 9.Nxc6 bxc6 10.f4 e5 11.Nd2 Be7 12.Nc4 O-O 13.Bd2 Bg4 14.Qe1 Be6 15.
Ba5 Qb8 16.Bc3 exf4 17.Na5 Qc7 18.Bd2 Nd7 19.Bxf4 Bf6 20.Bc1 Rfe8 21.a4 
Kh8 22.Ra3 Rab8 23.b4 c5 24.c3 c4 25.Bb1 Be5 26.Qh4 Nc5 27.Bc2 Nb3 28.Bxb3
cxb3 29.Bb2 Rxb4 30.cxb4 Bxb2 31.Rxb3 Bxb3 32.Nxb3 Qc4 33.Nd2 Qxb4 34.Qf4 
Bf6 35.g4 h6 36.h4 Re5 37.Rb1 Qxa4 38.Qh2 Rxe4 39.Rb8+ Re8 40.Qxd6 Qd1+ 
41.Kh2 Qe2+ 42.Kh3 Rxb8 43.Qxb8+ Kh7 44.Qf4 Qd3+ 45.Nf3 Be5 46.Qxf7 Qf1# 
0-1

[Event "39th World U20 ch"]
[Site "Yerevan ARM"]
[Date "2000.09.25"]
[Round "7.20"]
[White "Fernando, Diogo"]
[Black "Kallio, Heikki"]
[Result "0-1"]
[WhiteElo "2257"]
[BlackElo "2451"]
[EventDate "2000.09.18"]
[PlyCount "64"]

1.e4 Nf6 2.e5 Nd5 3.d4 Nb6 4.a4 a5 5.Nf3 d5 6.Bd3 Bg4 7.h3 Bxf3 8.Qxf3 e6 
9.O-O c5 10.dxc5 N6d7 11.Qg3 Nc6 12.f4 g6 13.Nc3 Nxc5 14.Nb5 Be7 15.Bd2 
Nxd3 16.cxd3 Na7 17.Nd6+ Bxd6 18.exd6 Qxd6 19.Qg5 Nc6 20.f5 gxf5 21.Rae1 
Ne7 22.Bf4 Qb6+ 23.Kh1 Rg8 24.Qh5 Qxb2 25.Rg1 Qf6 26.Rb1 Qd4 27.Bd6 b6 28.
Rge1 Rg6 29.Qxh7 Rc8 30.Rg1 Rc2 31.Bxe7 Kxe7 32.Rbc1 Rgxg2 0-1

[Event "39th World U20 ch"]
[Site "Yerevan ARM"]
[Date "2000.09.25"]
[Round "7.21"]
[White "Simutowe, Amon"]
[Black "Kabanov, Nikolai"]
[Result "1-0"]
[WhiteElo "2322"]
[BlackElo "2385"]
[EventDate "2000.09.18"]
[PlyCount "57"]

1.d4 d5 2.c4 Nc6 3.Nf3 Bg4 4.Nc3 e6 5.e3 Nf6 6.h3 Bh5 7.g4 Bg6 8.Nh4 dxc4 
9.Nxg6 hxg6 10.Bxc4 Nb4 11.Qb3 Rb8 12.f3 Qd6 13.Kf2 a6 14.Bd2 b5 15.Be2 g5
16.Ne4 Nxe4+ 17.fxe4 Nc6 18.Rac1 Nd8 19.Ba5 Rc8 20.e5 Qd7 21.Bf3 c5 22.
dxc5 Bxc5 23.Rxc5 Rxc5 24.Rd1 Qc8 25.Rxd8+ Qxd8 26.Bxd8 Kxd8 27.Qd3+ Kc8 
28.Qd6 Rc2+ 29.Kg3 1-0

[Event "39th World U20 ch"]
[Site "Yerevan ARM"]
[Date "2000.09.25"]
[Round "7.22"]
[White "Wegener, Olaf"]
[Black "Gagunashvili, Merab"]
[Result "1-0"]
[WhiteElo "2336"]
[BlackElo "2321"]
[EventDate "2000.09.18"]
[PlyCount "103"]

1.e4 c5 2.Nf3 e6 3.d4 cxd4 4.Nxd4 a6 5.Bd3 Bc5 6.Nb3 Ba7 7.Qe2 Nc6 8.Be3 
Nge7 9.Bxa7 Rxa7 10.O-O e5 11.c4 O-O 12.Nc3 d6 13.Rad1 Be6 14.Bb1 Ng6 15.
Nd5 b6 16.Qe3 Rb7 17.Rd2 Qb8 18.Rfd1 Rd8 19.g3 Bxd5 20.cxd5 Na5 21.Nxa5 
bxa5 22.Qa3 Qc7 23.Rc2 Qb6 24.Rc6 Qxb2 25.Qxa5 Ra8 26.Rxa6 Rxa6 27.Qxa6 
Rb6 28.Qa5 Rb8 29.Qc7 Rf8 30.Qxd6 Qe2 31.Rc1 Qg4 32.Bd3 Nh4 33.Bf1 Nf3+ 
34.Kh1 Qxe4 35.Bg2 Qe2 36.Bxf3 Qxf3+ 37.Kg1 Qe2 38.a4 Qd2 39.Qc5 Rd8 40.a5
g6 41.a6 Ra8 42.Ra1 Qb2 43.Qa3 Qd4 44.d6 Ra7 45.Rc1 Kg7 46.h4 Qd5 47.Rc7 
Qd1+ 48.Kg2 Qd5+ 49.Kh2 Ra8 50.a7 h5 51.d7 Qd4 52.Qe3 1-0

[Event "39th World U20 ch"]
[Site "Yerevan ARM"]
[Date "2000.09.25"]
[Round "7.23"]
[White "Skytte, Rasmus"]
[Black "Asauskas, Henrikas"]
[Result "1-0"]
[WhiteElo "2323"]
[BlackElo "2245"]
[EventDate "2000.09.18"]
[PlyCount "59"]

1.e4 c5 2.Nc3 Nc6 3.Bb5 g6 4.Bxc6 dxc6 5.f4 Bg7 6.Nf3 Nf6 7.d3 c4 8.d4 b5 
9.a3 c5 10.dxc5 Qxd1+ 11.Kxd1 Ng4 12.Ke2 Bxc3 13.bxc3 Nf6 14.Nd2 Bb7 15.a4
bxa4 16.Ke3 Bc6 17.h3 O-O-O 18.Re1 Rxd2 19.Bxd2 Nxe4 20.Reb1 Rd8 21.Be1 
Nxc5 22.Rb4 Nb3 23.cxb3 cxb3 24.c4 a5 25.Rb6 Kc7 26.Bxa5 Ra8 27.Ra6+ Kb7 
28.Rxa8 b2 29.Rb1 a3 30.Bb4 1-0

[Event "39th World U20 ch"]
[Site "Yerevan ARM"]
[Date "2000.09.25"]
[Round "7.25"]
[White "Al-Sayed, Mohamad Naser"]
[Black "Jakic, Ivan"]
[Result "1-0"]
[WhiteElo "2370"]
[BlackElo "2272"]
[EventDate "2000.09.18"]
[PlyCount "43"]

1.e4 c5 2.Nf3 d6 3.d4 cxd4 4.Nxd4 Nf6 5.Nc3 a6 6.f4 e6 7.Qf3 Be7 8.Be3 O-O
9.O-O-O Qc7 10.g4 Nc6 11.g5 Nd7 12.h4 Re8 13.g6 hxg6 14.h5 Nf6 15.hxg6 
fxg6 16.Qg3 Nxd4 17.Bxd4 Rf8 18.e5 dxe5 19.Bxe5 Qc5 20.Bd3 Bd7 21.Bxg6 Bc6
22.Qh3 1-0

[Event "39th World U20 ch"]
[Site "Yerevan ARM"]
[Date "2000.09.25"]
[Round "7.26"]
[White "Jirka, Jiri"]
[Black "Kose, Serkan"]
[Result "0-1"]
[WhiteElo "2302"]
[BlackElo "2200"]
[EventDate "2000.09.18"]
[PlyCount "82"]

1.d4 e6 2.c4 Nf6 3.g3 d5 4.Nf3 c6 5.Bg2 dxc4 6.Ne5 Bb4+ 7.Nc3 Nd5 8.Bd2 
Nb6 9.Ne4 Be7 10.Ba5 O-O 11.Nxc4 f5 12.Nc3 Bf6 13.e3 N8d7 14.Qb3 Qe8 15.
Nxb6 axb6 16.Bxb6 Nxb6 17.Qxb6 e5 18.dxe5 Bxe5 19.O-O Qe7 20.f4 Bd6 21.
Qb3+ Kh8 22.e4 Bc5+ 23.Kh1 Be6 24.Qc2 Ba7 25.Rfe1 Qf7 26.exf5 Bxf5 27.Ne4 
Qg6 28.Qb3 h5 29.Ng5 h4 30.Re7 Bc5 31.Rxb7 Rae8 32.Nf7+ Kh7 33.Ng5+ Kh8 
34.Nf7+ Kh7 35.Ne5 Rxe5 36.fxe5 h3 37.Bxh3 Bxh3 38.Qc4 Qf5 39.Rb3 g5 40.e6
Qf2 41.Qe4+ Kh6 0-1

[Event "39th World U20 ch"]
[Site "Yerevan ARM"]
[Date "2000.09.25"]
[Round "7.27"]
[White "Kruger, Peter Helentus"]
[Black "Gombac, Jan"]
[Result "1-0"]
[WhiteElo "2085"]
[BlackElo "2215"]
[EventDate "2000.09.18"]
[PlyCount "45"]

1.e4 e5 2.Nf3 Nc6 3.Bc4 Nf6 4.Ng5 d5 5.exd5 Na5 6.Bb5+ c6 7.dxc6 bxc6 8.
Qf3 Bb7 9.Bd3 Bd6 10.Nc3 Qc7 11.Nce4 Nxe4 12.Nxe4 O-O-O 13.Nxd6+ Qxd6 14.
b4 Qxb4 15.O-O f6 16.Ba3 Qxd2 17.Qg4+ f5 18.Qxf5+ Kb8 19.Qxe5+ Ka8 20.Rad1
Nc4 21.Qc5 Qc3 22.Bb4 Qd4 23.Qxc4 1-0

[Event "39th World U20 ch"]
[Site "Yerevan ARM"]
[Date "2000.09.25"]
[Round "7.28"]
[White "Goldenberg, Danny"]
[Black "Varela, Gaston"]
[Result "0-1"]
[WhiteElo "2310"]
[BlackElo "2249"]
[EventDate "2000.09.18"]
[PlyCount "112"]

1.e4 c5 2.Nf3 e6 3.d4 cxd4 4.Nxd4 a6 5.Nc3 Qc7 6.Be3 Nf6 7.Bd3 Nc6 8.O-O 
Bd6 9.h3 Bf4 10.Bxf4 Qxf4 11.Nf3 Qc7 12.Qe2 d6 13.Qe3 O-O 14.Rae1 b5 15.
Nh4 b4 16.Na4 a5 17.Nb6 Rb8 18.Nxc8 Rfxc8 19.f4 Qb6 20.Rf2 Qxe3 21.Rxe3 d5
22.Nf3 Rc7 23.g3 g6 24.Re1 Rd8 25.e5 Nd7 26.g4 Nc5 27.f5 b3 28.axb3 Nb4 
29.Bf1 Ne4 30.Rg2 Nxc2 31.Ree2 Rdc8 32.fxe6 fxe6 33.h4 h6 34.g5 h5 35.Kh2 
Kg7 36.Rg1 Kf7 37.Bh3 Ke7 38.Rc1 Rc5 39.Bg2 Nb4 40.Rxc5 Nxc5 41.Nd4 Nc6 
42.Nxc6+ Rxc6 43.Rc2 Rc7 44.Bf1 Kd8 45.Kg1 Nd7 46.Rxc7 Kxc7 47.Bh3 Nxe5 
48.Bxe6 Kd6 49.Bh3 Nf3+ 50.Kf2 Nxh4 51.Kg3 Nf5+ 52.Kf4 Nd4 53.Bf1 Ne6+ 54.
Kg3 Nxg5 55.Bd3 Ne4+ 56.Kf4 Ke6 0-1

[Event "39th World U20 ch"]
[Site "Yerevan ARM"]
[Date "2000.09.26"]
[Round "8.2"]
[White "Miton, Kamil"]
[Black "Izoria, Zviad"]
[Result "1-0"]
[WhiteElo "2443"]
[BlackElo "2450"]
[EventDate "2000.09.18"]
[PlyCount "119"]

1.d4 Nf6 2.c4 e6 3.g3 d5 4.Bg2 Bb4+ 5.Bd2 Be7 6.Nf3 O-O 7.O-O c6 8.Qc2 
Nbd7 9.Bf4 b6 10.Rd1 Bb7 11.Nc3 Nh5 12.Bc1 f5 13.b3 Bd6 14.e3 Qe7 15.Bb2 
g5 16.Ne2 Qg7 17.Nc1 Nhf6 18.Nd3 Ne4 19.Nfe5 a5 20.Nxd7 Qxd7 21.c5 Bc7 22.
cxb6 Bxb6 23.Rac1 Rfc8 24.f3 Nf6 25.Nc5 Bxc5 26.dxc5 Rf8 27.e4 h6 28.exf5 
exf5 29.Re1 Nh5 30.Qc3 Ng7 31.Re5 Rae8 32.Rce1 Rxe5 33.Rxe5 a4 34.b4 Ba6 
35.a3 Rf7 36.Bh3 Bb5 37.Re1 Kh7 38.Qe5 g4 39.Bg2 gxf3 40.Bxf3 Bd3 41.Qd6 
Be4 42.Bd1 Qc8 43.Bc1 f4 44.Bxf4 Qh3 45.Rxe4 dxe4 46.Bc2 Kg8 47.Bxe4 Rd7 
48.Qb8+ Kf7 49.Bd6 Ne8 50.Bxc6 Qh5 51.Qb5 Nxd6 52.Qf1+ Ke7 53.Bxd7 Ne4 54.
Bf5 Ng5 55.Kg2 Qf7 56.Qe2+ Kf8 57.Qf2 Kg7 58.Qd4+ Kg8 59.Qd8+ Kg7 60.Qd7 
1-0

[Event "39th World U20 ch"]
[Site "Yerevan ARM"]
[Date "2000.09.26"]
[Round "8.3"]
[White "Asrian, Karen"]
[Black "Yakovenko, Dmitry"]
[Result "1-0"]
[WhiteElo "2566"]
[BlackElo "2506"]
[EventDate "2000.09.18"]
[PlyCount "57"]

1.e4 c5 2.Nf3 e6 3.d4 cxd4 4.Nxd4 Nc6 5.Nc3 a6 6.Be2 Qc7 7.O-O Nf6 8.Be3 
d6 9.a4 Be7 10.f4 O-O 11.Kh1 Bd7 12.Nb3 b6 13.Bf3 Rfe8 14.Qd2 Rab8 15.Bf2 
Red8 16.Qe2 Bc8 17.Bg3 Nb4 18.e5 dxe5 19.fxe5 Nfd5 20.Be4 Bg5 21.Qh5 Bh6 
22.Rf6 Rb7 23.Nxd5 Nxd5 24.Rxh6 gxh6 25.Qxh6 f5 26.exf6 Qf7 27.Be5 Rf8 28.
Qg5+ Kh8 29.Rf1 1-0

[Event "39th World U20 ch"]
[Site "Yerevan ARM"]
[Date "2000.09.26"]
[Round "8.6"]
[White "Jobava, Baadur"]
[Black "Gershon, Alik"]
[Result "1/2-1/2"]
[WhiteElo "2480"]
[BlackElo "2502"]
[EventDate "2000.09.18"]
[PlyCount "134"]

1.c4 c5 2.Nc3 Nc6 3.g3 g6 4.Bg2 Bg7 5.d3 d6 6.Nf3 e5 7.O-O Nge7 8.a3 O-O 
9.Rb1 a5 10.Ne1 Be6 11.Nd5 Rb8 12.Bd2 b5 13.b3 b4 14.Nc2 Qd7 15.Ra1 Bh3 
16.Bxh3 Qxh3 17.e4 f5 18.axb4 axb4 19.Bg5 Nxd5 20.cxd5 h6 21.Bh4 g5 22.
dxc6 f4 23.Qh5 Rf7 24.Ra6 gxh4 25.Qxh4 Qxh4 26.gxh4 Rc7 27.Rfa1 Rbc8 28.
Ne1 Rxc6 29.Nf3 Rxa6 30.Rxa6 Rd8 31.Kf1 Rd7 32.Nd2 Kf7 33.Nc4 Ke6 34.h5 
Bf6 35.Ke2 Bd8 36.Ra8 Kf6 37.Kf3 Ke6 38.Ra6 Bc7 39.Ra7 Bd8 40.Ra8 Kf6 41.
Ra1 Bc7 42.Ke2 Rg7 43.h4 Rg8 44.Ra7 Rc8 45.Kf3 Ke6 46.Nd2 Kd7 47.Nf1 Rg8 
48.Nh2 Rg1 49.Ng4 Rb1 50.Nxh6 Rxb3 51.Ng8 Ra3 52.h6 Rxa7 53.h7 b3 54.h8=Q 
b2 55.Nf6+ Kc6 56.Qe8+ Kb6 57.Nd5+ Ka5 58.Nc3 Kb4 59.Nb1 Kb3 60.Nd2+ Kc2 
61.Qb5 Ra3 62.Ke2 f3+ 63.Ke3 Bb6 64.Qc4+ Rc3 65.Qa4+ Kc1 66.Nb3+ Rxb3 67.
Qxb3 b1=Q 1/2-1/2

[Event "39th World U20 ch"]
[Site "Yerevan ARM"]
[Date "2000.09.26"]
[Round "8.8"]
[White "Jenni, Florian"]
[Black "Acs, Peter"]
[Result "0-1"]
[WhiteElo "2440"]
[BlackElo "2497"]
[EventDate "2000.09.18"]
[PlyCount "74"]

1.e4 e5 2.Nf3 Nc6 3.Bb5 a6 4.Ba4 Nf6 5.O-O Be7 6.Bxc6 dxc6 7.Qe2 Nd7 8.b3 
c5 9.Bb2 f6 10.Nh4 g6 11.Nc3 Nf8 12.f4 exf4 13.Rxf4 Ne6 14.Rf2 c6 15.Raf1 
O-O 16.Nd1 Nd4 17.Qe3 Nxc2 18.Qh6 Rf7 19.e5 f5 20.e6 Bxe6 21.Nxg6 Bg5 22.
Qh5 Nd4 23.Nf4 Bd7 24.Ne3 Rg7 25.Nd3 Bf6 26.Nxc5 Rg5 27.Qd1 Bc8 28.Nd3 b6 
29.Nf4 Ra7 30.Nh5 Be5 31.Nc4 Bh8 32.h4 Rg4 33.Nxb6 Be6 34.Ba3 Qxh4 35.Nf4 
Be5 36.g3 Bxf4 37.Qxg4+ Qxg4 0-1